| 000 | 00435nam a2200121Ia 4500 | ||
|---|---|---|---|
| 008 | 220615s9999||||xx |||||||||||||| ||und|| | ||
| 245 | 0 |
_aFuzzy Controllers _bRecent Advances in Theory and Applications |
|
| 546 | _aEnglish[eng] | ||
| 650 | _aMachine learning | ||
| 700 | _aIqbal, Sohail||Boumella, Nora||Carlos Figueroa Garcia, Juan | ||
| 856 | _uhttps://mts.intechopen.com/storage/books/2229/authors_book/authors_book.pdf | ||
| 942 | _cEB | ||
| 999 |
_c13411 _d13411 |
||